000 00596nam a2200157 4500
001 6124
005 20181127180948.0
090 0 0 _a809.0904 L775L 2017
245 0 0 _aLIT 106 :
_bThe history of the future : science fiction coursepack /
_cRoyal Thimphu College.
_h
260 0 0 _aThimphu :
_bRoyal Thimphu College,
_c2017.
300 0 0 _a199 p.
500 _a""""""""For LIT 106 program use only""""""""
500 _a""""""""Royal Thimphu College, Thimphu""""""""
500 _aLIT 106 The History of the future : science fiction Course Pack for Spring 2017.
500 _aXerographic copy in a binder.
999 _c5171
_d5171